Normal view
MARC view
- الاموال -- الفقه الاسلامي -- الزواج
Entry Topical Term
001 - CONTROL NUMBER
- control field: 56721
003 - CONTROL NUMBER IDENTIFIER
- control field: JO-AjAnu
005 - DATE AND TIME OF LATEST TRANSACTION
- control field: 20230606083308.0
008 - FIXED-LENGTH DATA ELEMENTS
- fixed length control field: 230606|| aca||aabn | a|a d
040 ## - CATALOGING SOURCE
- Original cataloging agency: JO-AjAnu
- Transcribing agency: JO-AjAnu
150 ## - HEADING--TOPICAL TERM
- Topical term or geographic name entry element: الاموال -- الفقه الاسلامي -- الزواج
670 ## - SOURCE DATA FOUND
- Source citation: Work cat.: (JO-AjAnu)28944: الخالدي، نعمة خلف سليمان, author 56720, تصرف الزوج بمال الزوجة حدودة وضوابطه: دراسة فقهية مقارنة